000 00379nam a2200157 4500
001 44761
090 _a44761
100 _a20250917 pory50
101 _apor
_aing
102 _aPT
200 _aViagem ao interior do corpo humano
_fNational Geographic
210 _a[S.l.]
_cNational Geographic
_d[2010]
215 _a1 DVD
675 _a611
801 _aPT
_gRPC
990 _cFILMES DVD